| 000 | 00496nam a2200181Ia 4500 | ||
|---|---|---|---|
| 999 |
_c14323 _d14323 |
||
| 003 | OSt | ||
| 005 | 20201208140648.0 | ||
| 008 | 190216s9999||||xx |||||||||||||| ||und|| | ||
| 020 | _a8185226512 | ||
| 040 | _coclc | ||
| 082 |
_a828 _bPAR/M |
||
| 100 |
_aParakkal, Mathew _97297 |
||
| 245 | 0 |
_aMy Brush With Death / _cMathew Parakkal |
|
| 260 |
_bKairali Mudralayam, _aKottayam: _c1997. |
||
| 300 | _a79p | ||
| 650 | _aEnglish | ||
| 942 |
_cBK _2ddc _h828 _iPAR/M _k828 _mPAR/M |
||